Propuesta de política pública y gestión urbana : hacia una regulación integral de los fraccionamientos cerrados en el municipio de Zapopan, Jalisco /
Sparad:
| Huvudupphov: | |
|---|---|
| Materialtyp: | Avhandling Bok |
| Språk: | spanska |
| Utgiven: |
Guadalajara, México :
edición de autor,
2018
|
| Ämnen: | |
| Länkar: | Ver documento en línea |
| Taggar: |
Inga taggar, Lägg till första taggen!
|
MARC
| LEADER | 00000nam^a2200000^a^4500 | ||
|---|---|---|---|
| 001 | 000403193 | ||
| 005 | 20251023000000.0 | ||
| 009 | 20260526143638.148 | ||
| 037 | |a Acervo ITESO - Biblioteca | ||
| 041 | |a ESP | ||
| 090 | |a MCE. 38 | ||
| 100 | |a Hernández Vargas, Alejandro |e (autor) | ||
| 245 | 1 | 0 | |a Propuesta de política pública y gestión urbana : |b hacia una regulación integral de los fraccionamientos cerrados en el municipio de Zapopan, Jalisco / |c A. Hernández Vargas. |
| 264 | 1 | |a Guadalajara, México : |b edición de autor, |c 2018 | |
| 300 | |a 1 tesis electrónica en línea (86 p.) | ||
| 300 | |a 1 recurso en línea | ||
| 336 | |a datos para computadora |b cod |2 rdacontenido | ||
| 337 | |a computadora |b c |2 rdamedio | ||
| 338 | |a recurso en línea |b cr |2 rdasoporte | ||
| 502 | |a ITESO Tesis de Maestría en Ciudad y Espacio Público Sustentable | ||
| 649 | |a XX | ||
| 650 | |a Identidad Cultural - |z Zapopan, Jalisco | ||
| 650 | |a Identidad Cultural - |z México | ||
| 650 | |a Igualdad y Desigualdad - |z Zapopan, Jalisco - |x Tema Principal | ||
| 650 | |a Igualdad y Desigualdad - |z México | ||
| 650 | |a Fraccionamientos Cerrados - |z Zapopan, Jalisco - |x Tema Principal | ||
| 650 | |a Fraccionamientos Cerrados - |z México | ||
| 650 | |a Espacio Urbano - |z Zapopan, Jalisco | ||
| 650 | |a Espacio Urbano - |z México | ||
| 650 | |a Zonificación Urbana - |z Zapopan, Jalisco | ||
| 650 | |a Zonificación Urbana - |z México | ||
| 650 | |a Ordenación Territorial - |z Zapopan, Jalisco | ||
| 650 | |a Ordenación Territorial - |z México | ||
| 650 | |a Planeación Urbana - |z Zapopan, Jalisco | ||
| 650 | |a Planeación Urbana - |z México | ||
| 650 | |a Desarrollo Sustentable - |z Zapopan, Jalisco | ||
| 650 | |a Desarrollo Sustentable - |z México | ||
| 650 | |a Desarrollo Urbano - |z Zapopan, Jalisco | ||
| 650 | |a Desarrollo Urbano - |z México | ||
| 650 | |a Política Urbana - |z Zapopan, Jalisco - |x Tema Principal | ||
| 650 | |a Política Urbana - |z México | ||
| 650 | |a Políticas Públicas - |z Zapopan, Jalisco | ||
| 650 | |a Políticas Públicas - |z México | ||
| 650 | |a Derecho Urbano - |z Zapopan, Jalisco - |x Tema Principal | ||
| 650 | |a Derecho Urbano - |z México | ||
| 650 | |a Urbanismo - |z Zapopan, Jalisco | ||
| 650 | |a Urbanismo - |z México | ||
| 650 | |a Administración Pública - |z Zapopan, Jalisco | ||
| 650 | |a Administración Pública - |z México | ||
| 856 | 4 | 0 | |u https://rei.iteso.mx/handle/11117/5404 |y Ver documento en línea |
| 910 | |a Fondo General | ||
| 920 | |a Electrónicos - Tesis del ITESO en Línea | ||
| 930 | |a Repositorio Institucional | ||
| 905 | |a 201 | ||
| 901 | |a 403193-1 |b IT2 |c ETI |u 20250521 | ||
| 902 | |a https://opac.biblio.iteso.mx/vufind/Record/000403193 | ||